| 000 | 00975nam a22002657a 4500 | ||
|---|---|---|---|
| 999 |
_c4099 _d4099 |
||
| 005 | 20251008090034.0 | ||
| 008 | 250120b ||||| |||| 00| 0 eng d | ||
| 020 | _a9780440865797 | ||
| 040 | _cKH8 | ||
| 082 | _a823.914 MEA | ||
| 100 |
_aJACQUELINE WILSON _eWILSON,JACQUELINE |
||
| 245 | _aBEST FRIENDS | ||
| 260 |
_a557 Broadway, New York, NY 10012, USA _bCartwheel Books, an imprint of Scholastic Inc. _c2010 |
||
| 300 |
_a32 Pages _bcolor illustrations _c23 cm X 20 cm |
||
| 500 | _a"Based on the Rainbow Magic series"Cover. | ||
| 520 | _aRachel and Kirsty are best friends—and when they find a magical world full of fairies, their friendship becomes the key to saving Fairyland! | ||
| 521 | _aAges 5–8 | ||
| 650 |
_2Fairies _aJuvenile fiction |
||
| 650 |
_2Friendship _aJuvenile fiction |
||
| 650 |
_2Magic _aJuvenile fiction |
||
| 655 | _aFantasy fiction | ||
| 655 | _aChildren’s stories | ||
| 700 |
_aRipper, Georgie _eillustrator |
||
| 942 |
_2ddc _cFIC |
||